| 000 | 00707nam a22002177a 4500 | ||
|---|---|---|---|
| 003 | BUBTL | ||
| 008 | 230116b ||||| |||| 00| 0 eng d | ||
| 020 | _a9780582291300 | ||
| 082 | _a808/ Sh811e/ 1969 | ||
| 100 |
_95172 _aShort, Mike |
||
| 245 |
_a Exploring the language of poems, plays, and prose / _c Mike Short |
||
| 250 | _a1st Edn | ||
| 260 |
_aLondon: _bRoutledge Taylor & Francis Group, _cc1996 |
||
| 300 |
_axvi, 399 p.: _c22 cm |
||
| 500 | _aIncludes Index | ||
| 505 | _a Exploring the language of poems, plays, and prose, English language, English, Mike Short | ||
| 650 | 0 |
_9194 _aEnglish Language |
|
| 856 |
_k0 _l0 _yDownload |
||
| 942 |
_2ddc _cBK |
||
| 999 |
_c6924 _d6924 |
||